00642nam a22001577a 4500003000900000008004100009040007100050082001800121100002400139245002900163260004800192300002600240505017900266650002500445650001400470AR-CdUCM190225b           ||||| |||| 00| 0 spa d  aMUNICIPALIDAD PROVINCIAL DEL CUSCOcBIBLIOTECA MUNICIPAL DEL CUSCO  a333.14 /bP31  aPavletich, Esteban.  aEl mensaje de México /  aLima :bEditores técnicos asociados S.A.,  a241 paginas ;c18 cm.  aContenido :Esquema histórico -- El espejismo de la revolución -- Génesis del latifundio Mexicano -- Los factores de la revolución -- La penetración imperialista ...  aHistoria del Perú.  aSiglo XX.